banner-ar

MEMOIRES II SUIVI DE LETTRE ANONYME AU R O I ET OEUVERS DIVERRES / (Record no. 23234)

MARC details
000 -الفاتح
حقل البيانات ثابتة الطول 00457nam a2200169Ia 4500
008 - عناصر البيانات ثابتة الطول - معلومات عامة
حقل البيانات ثابتة الطول 140319s9999 xx 000 0 eng d
040 ## - مصدر الفهرسة
وكالة الفهرسة الأصلية GCL /
وكالة النسخ GCL
082 04 - رقم تصنيف ديوى العشرى
رقم التصنيف 843
رقم المادة S M
100 1# - المدخل الرئيسى - إسم شخصى
الإسم الشخصى SIMON, SAINT
245 10 - بيان العنوان
العنوان MEMOIRES II SUIVI DE LETTRE ANONYME AU R O I ET OEUVERS DIVERRES /
بيان المسئوليه,etc SIMON, SAINT
490 ## - بيان السلسلة
عنوان السلسلة COLLECTION FOLIO
رقم المجلد/ التعيين التسلسلي 0
650 04 - المدخل الاضافى بالموضوع-مصطلح موضوعى
مصطلح موضوعي LITERATURE
650 04 - المدخل الاضافى بالموضوع-مصطلح موضوعى
مصطلح موضوعي FRENCH LITERATURE
942 ## - عناصر المدخل الإضافي( كوها)
مصدر التصنيف او مخطط الترفيف Dewey Decimal Classification
Koha [default] item type كتاب
260 ## - PUBLICATION, DISTRIBUTION, ETC. (IMPRINT)
-- [S.N] :
-- FOLIO
Holdings
حالة التراجع حالة الفقد حالة تلف ليس للاعارة المكان المؤقت الموقع الحالى تاريخ الاكتساب اجمالي اﻻعارات رقم الطلب الباركود تاريخ اخر مشاهدة تاريخ تفعيل السعر نوع وعاء كوها
        مكتبة القاهرة الكبرى مكتبة القاهرة الكبرى 03/26/2014   843\S M 41603 03/26/2014 03/26/2014 كتاب

Powered By

EGPV